000 00619nam a22002057a 4500
999 _c196704
_d196704
005 20230720163331.0
010 _aENG-137509
020 _c795.00
_a9789357022361
035 _aEN-121041
037 _bDBAD/PUB
082 _a338.1620954
100 _aMitra, Aarnab
245 _aThe Joys Of Crisis/
_cAarnab Mitra
246 _aHow U.S. Awasthi Scripted the Rise of Iffco
260 _aNew Delhi
_bRupa Publications India Pvt. Ltd.
_c2023
270 _a7/16, Ansari Road, Daryaganj
_bNew Delhi
_e110002
300 _a234p.
_c24cm(hb)
700 _aBrinda
942 _2ddc
_cEN
_h338.1620954
_mMIT